| 000 | 00520nam a22001817a 4500 | ||
|---|---|---|---|
| 003 | OSt | ||
| 005 | 20220606031136.0 | ||
| 008 | 170329b xxu||||| |||| 00| 0 eng d | ||
| 020 | _a0130450553 | ||
| 040 |
_aMMU _beng. _cMMU _dMMU |
||
| 050 | _aTK7871.85 .P39 1994 | ||
| 245 |
_aIntroductory electronic devices and circuits/ _cJohn Clemons...[et al.]. |
||
| 250 | _a3rd ed. | ||
| 260 |
_aNew Jersey: _bPrentice Hall, _c1994. |
||
| 300 | _av,144p.; | ||
| 650 | _aElectronic devices and circuits. | ||
| 942 |
_2lcc _cLOAN LOAN |
||
| 999 |
_c26473 _d26473 |
||